01149nab a22002537a 4500999001500000003000400015005001700019008004100036040000700077100002800084245012600112260007200238300001300310500003800323505013500361505008900496650002600585650004000611650003000651650003100681700003100712773013900743942001300882 c5934d5934OSt20260114010954.0190605e xxu||||| |||| 00| 0 spa d cPJ 94584aMansilla, Alberto10aPrincipio de irrenunciabilidad y seguridad jurídica en el derecho del trabajo /cAlberto Mansilla, Giuliana A. Alonso.  aCiudad Autónoma de Buenos Aires :bThomson Reuters La Ley,c2024. ap. 49-52 aCita: TR LALEY AR/DOC/262/2024.  aSumario: I. Introducción.— II. La aventura de conciliar.— III. ¿Y la seguridad jurídica?— IV. El principio de equidad.  t¿Te interesa el texto completo? Solicitalo al correo: koha@justierradelfuego.gov.ar 091316aDERECHO LABORAL 09179aGARANTIAS CONSTITUCIONALES › 091323aCONTRATO DE TRABAJO 091803aRELACIONES LABORALES 96787aAlonso, Giuliana A. 0 0271193168dCiudad Autónoma de Buenos Aires : Thomson Reuters La Ley, 1999-2002.tRevista de derecho del trabajo. Nº 2 - Marzo 2024 2udccANA